Manual de oncología : (Registro nro. 60555)
[ vista simple ]
| 000 -LEADER | |
|---|---|
| fixed length control field | 00825nam a2200241 a 4500 |
| 001 - CONTROL NUMBER | |
| control field | 60555 |
| 005 - DATE AND TIME OF LATEST TRANSACTION | |
| control field | 20180714061845.0 |
| 008 - FIXED-LENGTH DATA ELEMENTS--GENERAL INFORMATION | |
| fixed length control field | 140415s2013 mx a r 000 0 spa d |
| 020 ## - INTERNATIONAL STANDARD BOOK NUMBER | |
| International Standard Book Number | 9786071507778 |
| 040 ## - CATALOGING SOURCE | |
| Description conventions | rda |
| 041 0# - LANGUAGE CODE | |
| Language code of text/sound track or separate title | spa |
| 082 0# - DEWEY DECIMAL CLASSIFICATION NUMBER | |
| Classification number | 616.992 |
| Item number | HER |
| 100 1# - MAIN ENTRY--PERSONAL NAME | |
| Personal name | Herrera Gómez, Ángel, |
| Relator term | autor |
| 245 10 - TITLE STATEMENT | |
| Title | Manual de oncología : |
| Remainder of title | Procedimientos médicos quirúrgicos / |
| Statement of responsibility, etc. | Ángel Herrera Gómez, Matín Grandos García. |
| 250 ## - EDITION STATEMENT | |
| Edition statement | 5a. edición |
| 264 #1 - PRODUCTION, PUBLICATION, DISTRIBUTION, MANUFACTURE, AND COPYRIGHT NOTICE | |
| Place of production, publication, distribution, manufacture | México, D.F. : |
| Name of producer, publisher, distributor, manufacturer | McGraw-Hill Interamericana Editores, |
| Date of production, publication, distribution, manufacture, or copyright notice | 2013 |
| 300 ## - PHYSICAL DESCRIPTION | |
| Extent | xxxiv, 1300 páginas : |
| Other physical details | ilustraciones, gráficas, tablas ; |
| Dimensions | 24 cm. |
| 336 ## - CONTENT TYPE | |
| Content type term | texto |
| Source | rdacontent |
| 337 ## - MEDIA TYPE | |
| Media type term | sin mediación |
| Source | rdamedia |
| 338 ## - CARRIER TYPE | |
| Carrier type term | volumen |
| Source | rdacarrier |
| 650 #4 - SUBJECT ADDED ENTRY--TOPICAL TERM | |
| Topical term or geographic name entry element | Oncología |
| 700 1# - ADDED ENTRY--PERSONAL NAME | |
| Personal name | Grandos García, Matín, |
| Relator term | autor |
| Withdrawn status | Lost status | Source of classification or shelving scheme | Damaged status | Not for loan | Collection code | Home library | Current library | Shelving location | Date acquired | Source of acquisition | Inventory number | Total Checkouts | Full call number | Barcode | Date last seen | Date last checked out | Price effective from | Koha item type |
|---|---|---|---|---|---|---|---|---|---|---|---|---|---|---|---|---|---|---|
| Dewey Decimal Classification | General | Biblioteca Karol Wojtyla | Biblioteca Karol Wojtyla | Sala general | 03/12/2013 | Compra | 151000000000000000008785 | 616.992 HER 2013 | 91695 | 05/01/2026 | 21/01/2015 | 19/01/2015 | Reserva permanente | |||||
| Dewey Decimal Classification | General | Biblioteca Karol Wojtyla | Biblioteca Karol Wojtyla | Sala general | 03/12/2013 | Compra | 151000000000000000008787 | 616.992 HER 2013 | 91735 | 05/01/2026 | 23/01/2015 | 24/04/2017 | Reserva permanente | |||||
| Dewey Decimal Classification | General | Biblioteca Karol Wojtyla | Biblioteca Karol Wojtyla | Sala general | 03/12/2013 | Compra | 151000000000000000008786 | 616.992 HER 2013 | 91710 | 05/01/2026 | 20/10/2016 | 24/04/2017 | Reserva permanente | |||||
| Dewey Decimal Classification | General | Biblioteca Karol Wojtyla | Biblioteca Karol Wojtyla | Sala general | 03/12/2013 | Compra | 151000000000000000008784 | 616.992 HER 2013 | 91694 | 05/01/2026 | 21/01/2015 | 24/04/2017 | Reserva permanente | |||||
| No inventariado | Dewey Decimal Classification | Consulta en sala | General | Biblioteca Karol Wojtyla | Biblioteca Karol Wojtyla | Sala general | 03/12/2013 | Compra | 616.992 HER 2013 | 91230 | 22/01/2015 | 22/01/2015 | 24/04/2017 | Reserva permanente | ||||
| Dewey Decimal Classification | General | Biblioteca Karol Wojtyla | Biblioteca Karol Wojtyla | Sala general | 03/12/2013 | Compra | 151000000000000000008783 | 616.992 HER 2013 | 91231 | 05/01/2026 | 21/01/2015 | 24/04/2017 | Reserva permanente | |||||
| Dewey Decimal Classification | General | Biblioteca Karol Wojtyla | Biblioteca Karol Wojtyla | Sala general | 24/04/2017 | Compra | 151000000000000000008779 | 616.992 HER 2013 | 91229 | 05/01/2026 | 24/04/2017 | Reserva permanente |